000 00602nam a22002177a 4500
003 OSt
005 20260506090054.0
008 260506b |||||||| |||| 00| 0 eng d
020 _a9789719818168
040 _cHS LRC
050 _aQM 551
_b.G589 2022
100 _aGonzales, Edwardo G.
_9131702
245 _aTextbook of histology /
_cEdwardo G. Gonzales, M.D.
250 _a6th ed.
260 _aQuezon City :
_bC&E Publishing,
_cc2025.
300 _avii, 551 p. :
_bcol. ill. ;
_c26 cm.
365 _b945.00
504 _aincludes index.
650 _aHistology.
_940412
942 _2lcc
_cBK
999 _c94114
_d94114